Perspctives de l'homme : existentialisme, pensee atholique, structuralisme, marxisme.

Gardado en:
Detalles Bibliográficos
Autor Principal: Garaudy, Roger (autor)
Formato: Libro
Idioma:francés
Series:(Bibliotheque de philosophie contemporaine)
Temas:
Etiquetas: Engadir etiqueta
Sen Etiquetas, Sexa o primeiro en etiquetar este rexistro!

MARC

LEADER 00000cam^a2200000uu^4500
001 000468220
005 20250521000000.0
008 050901s1969^^^^^^^^^^^^rd^r^^000^0^fre^d
009 20260310124504.61
035 |a FCE 000010955 
035 |a FCE 033083 
037 |a Acervo ITESO - Biblioteca 
041 |a FRA 
082 0 4 |a 128  |b GARp 
100 |a Garaudy, Roger  |e (autor) 
245 1 0 |a Perspctives de l'homme :  |b existentialisme, pensee atholique, structuralisme, marxisme. 
264 |a Paris :  |b Presses Universitaries,  |c 1969. 
300 |a 435 p. 
336 |a texto  |b txt  |2 rdacontenido 
337 |a sin mediación  |b n  |2 rdamedio 
338 |a volumen  |b nc  |2 rdasoporte 
440 0 |a (Bibliotheque de philosophie contemporaine) 
649 |a XX 
650 |a Teoría 
650 |a Humanismo 
650 |a Marxismo 
650 |a Filosofía 
650 |a Estructuralismo 
650 |a Catolicismo 
650 |a Existencialismo 
650 |a Francia 
910 |a Fondo Centro de Estudios Educativos 
920 |a Impresos - Libros 
930 |a Fondos Especiales 
905 |a 133 
901 |a ALE033083  |b IT2  |c CEE  |u 20250521 
902 |a https://opac.biblio.iteso.mx/vufind/Record/000468220